| 000 | 01071nam a2200265 i 4500 | ||
|---|---|---|---|
| 001 | 105296 | ||
| 003 | ES-MaACL | ||
| 005 | 20230906183834.0 | ||
| 007 | t| | ||
| 008 | 060623s1968 sp ||||1| spa d | ||
| 080 | _a75.036(52) (083.82) | ||
| 245 | 0 | 0 |
_aExposición de pintores japoneses _b: [exposición, Festivales de España, Sala de la Delegación de Información y Turismo de San Sebastián y Sala Amadís de Madrid, 1968]. |
| 260 |
_a[Madrid] : _bPublicaciones Españolas, _c[1968] |
||
| 300 |
_a[14] p. : _bil. ; _c23 cm. |
||
| 490 | 1 |
_aCuadernos de arte. Serie divulgación ; _v103 |
|
| 650 | 4 |
_aPintura japonesa- _yS.XX- _vExposiciones. _916063 |
|
| 655 | 7 |
_2tgfbne _9193628 _aCatálogos de exposiciones |
|
| 710 | 2 |
_aFestivales de España. _94125 |
|
| 710 | 2 |
_aSala de la Delegación Provincial de Información y Turismo (San Sebastián) _96477 |
|
| 710 | 2 |
_aSala Amadís. _96476 |
|
| 830 | 0 |
_aCuadernos de arte. Serie divulgación ; _v103 _9184876 |
|
| 852 |
_aES-MaACL _j2205-F-20 _bR.137763 |
||
| 942 | _2udc | ||
| 999 |
_c105296 _d105296 |
||